MARC details
| 000 -LEADER |
| fixed length control field |
02107cam a2200373 4500 |
| 001 - CONTROL NUMBER |
| control field |
M2078 |
| 008 - FIXED-LENGTH DATA ELEMENTS--GENERAL INFORMATION |
| fixed length control field |
090401t1996 xxu||||| |||| 00| 0 eng d |
| 035 ## - SYSTEM CONTROL NUMBER |
| System control number |
(Sirsi) u36357 |
| 041 ## - LANGUAGE CODE |
| Language code of text/sound track or separate title |
eng |
| 050 ## - LIBRARY OF CONGRESS CALL NUMBER |
| Classification number |
690.2 |
| 110 ## - MAIN ENTRY--CORPORATE NAME |
| Corporate name or jurisdiction name as entry element |
Royal Institution of Chartered Surveyors |
| 9 (RLIN) |
4900 |
| 245 ## - TITLE STATEMENT |
| Title |
Building Surveyors National Briefing `96: ... University of Nottingham, Friday 12th - Sunday 14th April. |
| 260 ## - PUBLICATION, DISTRIBUTION, ETC. |
| Place of publication, distribution, etc. |
London |
| Name of publisher, distributor, etc. |
RICS |
| Date of publication, distribution, etc. |
1996 |
| 300 ## - PHYSICAL DESCRIPTION |
| Extent |
7 items ; 30cm. |
| 350 ## - PRICE (NR) (BK AM CF MU VM SE) [OBSOLETE] |
| Price |
40 |
| 520 ## - SUMMARY, ETC. |
| Summary, etc. |
NOT TO BE PHOTOCOPIED. Contents: Synopses / Presidential address. - FULFORD, A. / The market - the client`s perspective. GORDON, H. / Funding - the lottery alternative. - ROCK, D. / Legal update. - BURTON, W. / The expert witness in court. - RAPER, T., JANNEY, M., LEWIS, D., HOUGH, C., JOLLY, M. / Sports building design & maintenance - the next generation. - JOHN, G. / Facilities management: what is it and what are the opportunities for building surveyors?. - OWEN, D. / CDM as HSE sses it. - NATTRASS, S. / Risk assessment. - WAKELING, G. / Legal duties and liabilites for the property industry. - GARTHWAITE, H. / Energy efficient, ecological and healthy construction. - HINES, J. / Domestic energy ratings and their role in building regulations. - RICKABY, P. / Tree roots and foundations. - O`CALLAGHAN, D. / Means of escape - let the surveyor chute first. - GIBSON, D. / Environmental control of timber decay. - HUTTON, T. / Commercial structural survey |
| 520 ## - SUMMARY, ETC. |
| Summary, etc. |
Ref copy has 6 parts - full conference papers paper missing. |
| 650 ## - SUBJECT ADDED ENTRY--TOPICAL TERM |
| Topical term or geographic name entry element |
BUILT ENVIRONMENT-BUILDING INSPECTION |
| 650 ## - SUBJECT ADDED ENTRY--TOPICAL TERM |
| Topical term or geographic name entry element |
BUILDING SURVEYORS NATIONAL BRIEFING 96 |
| 650 ## - SUBJECT ADDED ENTRY--TOPICAL TERM |
| Topical term or geographic name entry element |
CASE LAW |
| 650 ## - SUBJECT ADDED ENTRY--TOPICAL TERM |
| Topical term or geographic name entry element |
CONFERENCE PAPERS |
| 650 ## - SUBJECT ADDED ENTRY--TOPICAL TERM |
| Topical term or geographic name entry element |
DOMESTIC ENERGY RATINGS |
| 650 ## - SUBJECT ADDED ENTRY--TOPICAL TERM |
| Topical term or geographic name entry element |
FACILITIES MANAGEMENT |
| 9 (RLIN) |
6240 |
| 650 ## - SUBJECT ADDED ENTRY--TOPICAL TERM |
| Topical term or geographic name entry element |
NATIONAL LOTTERY |
| 650 ## - SUBJECT ADDED ENTRY--TOPICAL TERM |
| Topical term or geographic name entry element |
PRIVATE FINANCE INITIATIVE |
| 650 ## - SUBJECT ADDED ENTRY--TOPICAL TERM |
| Topical term or geographic name entry element |
RISK ASSESSMENT |
| 650 ## - SUBJECT ADDED ENTRY--TOPICAL TERM |
| Topical term or geographic name entry element |
SPORTS CENTRES |
| 650 ## - SUBJECT ADDED ENTRY--TOPICAL TERM |
| Topical term or geographic name entry element |
STRUCTURAL SURVEYS |
| 650 ## - SUBJECT ADDED ENTRY--TOPICAL TERM |
| Topical term or geographic name entry element |
TOWN CENTRES |
| 650 ## - SUBJECT ADDED ENTRY--TOPICAL TERM |
| Topical term or geographic name entry element |
TREE ROOTS |
| 690 ## - LOCAL SUBJECT ADDED ENTRY--TOPICAL TERM (OCLC, RLIN) |
| Topical term or geographic name as entry element |
BUILT ENVIRONMENT-BUILDING INSPECTION |
| 942 ## - ADDED ENTRY ELEMENTS (KOHA) |
| Suppress in OPAC |
0 |
| 948 ## - LOCAL PROCESSING INFORMATION (OCLC); SERIES PART DESIGNATOR (RLIN) |
| c (OCLC) |
04/03/1997 |